Normal view
MARC view
- Naila Iqbal | Hassan Iqbal | Muhammad Tanvir
Entry Personal Name
001 - CONTROL NUMBER
- control field: 5629
003 - CONTROL NUMBER IDENTIFIER
- control field: NUST
005 - DATE AND TIME OF LATEST TRANSACTION
- control field: 20171025113347.0
008 - FIXED-LENGTH DATA ELEMENTS
- fixed length control field: 171025|| aca||aabn | a|a d
040 ## - CATALOGING SOURCE
- Original cataloging agency: NUST
- Transcribing agency: NUST
100 ## - HEADING--PERSONAL NAME
- Personal name: Naila Iqbal | Hassan Iqbal | Muhammad Tanvir
670 ## - SOURCE DATA FOUND
- Source citation: Work cat.: (NUST): Naila Iqbal | Hassan Iqbal | Muhammad Tanvir, Delta Vision-Happy TV, 2017
